000 00692nam a2200253 a 4500
999 _c7875
_d7875
001 7875
003 BD - JhCC
005 20180326120559.0
008 910320r19881924enk 000 1 eng d
020 _a0863076904
035 _a(BD-JhCC)7875
040 _aBD-JhCC
_dBD-JhCC
041 _aeng
082 _bFOR 1988
_a823.912
100 1 _aForster, E. M.
_q(Edward Morgan),
_d1879-1970.
245 1 2 _aA passage to India /
_c E. M. Forster,
260 _aLondon :
_bMarshall Cavendish Partworks,
_c1988
300 _a312 p
_c19 cm.
490 1 _aGreat writers library
650 _aPolitical fiction
650 _aBritish--Social life and customs
942 _2ddc
_cBK